ბათუმის შოთა რუსთაველის სახელმწიფო უნივერსიტეტის ბიბლიოთეკა

Online teaching and learning in higher education during Covid-19 : (ბიბ.ჩანაწერი № 58250)

000 -LEADER
fixed length control field 01180cam a22002298i 4500
001 - CONTROL NUMBER
control field 21930820
005 - DATE AND TIME OF LATEST TRANSACTION
control field 20221105185645.0
008 - FIXED-LENGTH DATA ELEMENTS--GENERAL INFORMATION
fixed length control field 210308s2022 nyu b 001 0 eng
020 ## - INTERNATIONAL STANDARD BOOK NUMBER
International Standard Book Number 9780367647155x
041 ## - LANGUAGE CODE
Language code of text/sound track or separate title eng
080 ## - UNIVERSAL DECIMAL CLASSIFICATION NUMBER
Universal Decimal Classification number 378.1 O-56
245 00 - TITLE STATEMENT
Title Online teaching and learning in higher education during Covid-19 :
Remainder of title international perspectives and experiences /
Statement of responsibility, etc. edited by Roy Y. Chan, Krishna Bista, Ryan M. Allen.
264 #1 - PRODUCTION, PUBLICATION, DISTRIBUTION, MANUFACTURE, AND COPYRIGHT NOTICE
Place of production, publication, distribution, manufacture New York, NY :
Name of producer, publisher, distributor, manufacturer Routledge,
Date of production, publication, distribution, manufacture, or copyright notice 2022.
300 ## - PHYSICAL DESCRIPTION
Extent 245 pages
Other physical details 24 cm.
653 ## - INDEX TERM--UNCONTROLLED
keyword ონლაინ სწავლება და სწავლა უმაღლეს განათლებაში Covid-19– ის დროს
653 ## - INDEX TERM--UNCONTROLLED
keyword კომპიუტერული ინსტრუქცია
653 ## - INDEX TERM--UNCONTROLLED
keyword სოციალური დისტანცია (საზოგადოებრივი ჯანმრთელობა) და განათლება
700 1# - ADDED ENTRY--PERSONAL NAME
Personal name Chan, Roy Y.,
Dates associated with a name
Relator term რედაქტორი
9 (RLIN) 12613
700 1# - ADDED ENTRY--PERSONAL NAME
Personal name Bista, Krishna,
Dates associated with a name
Relator term რედაქტორი
9 (RLIN) 12614
700 1# - ADDED ENTRY--PERSONAL NAME
Personal name Allen, Ryan M.,
Relator term რედაქტორი
9 (RLIN) 12615
942 ## - ADDED ENTRY ELEMENTS (KOHA)
Source of classification or shelving scheme
Koha item type წიგნი
ეგზემპლარები
Withdrawn status Lost status Source of classification or shelving scheme Damaged status Not for loan Permanent Location Current Location Shelving location Date acquired Cost, normal purchase price Full call number Barcode Date last seen Copy number Price effective from Koha item type Public note
          ბათუმის შოთა რუსთაველის სახელმწიფო უნივერსიტეტის მთავარი ბიბლიოთეკა ბათუმის შოთა რუსთაველის სახელმწიფო უნივერსიტეტის მთავარი ბიბლიოთეკა წიგნსაცავი 2021-10-07 564.00 378.1 O-56 61808 2021-10-07 61808 2021-10-07 წიგნი 564 ლ.